Chun hui lou Lun yu shuo yi : 2 juan /

Saved in:
Bibliographic Details
Main Author: Zhang, Ding.
Format: Book
Language:Chinese
Published: Taibei, Min guo 55 [1966]
Subjects:
Tags: Add Tag
No Tags, Be the first to tag this record!
LEADER 01007cam a2200265ui 4500
001 007724584-9
005 20024617112705.0
008 980302r1966uuuuch 000 0 chi d
035 0 |a ocm38531504 
040 |a *YNH*  |c *YNH*  |d CStRLIN 
100 1 |6 880-01  |a Zhang, Ding. 
245 1 0 |6 880-02  |a Chun hui lou Lun yu shuo yi :  |b 2 juan /  |c Zhang Ding zhu. 
260 |6 880-03  |a Taibei,  |c Min guo 55 [1966] 
300 |a 1 v. ;  |c 19 cm. 
500 |6 880-04  |a (In Yan Lingfeng bian ji Wu qiu bei zhai Lun yu ji cheng v. 254) 
500 |6 880-05  |a Facsimile reproduction of Chun hui tang cong shu pai yin ben. 
600 0 0 |6 880-06  |a Confucius.  |t Lun yu. 
880 1 |6 100-01  |a 張鼎. 
880 1 0 |6 245-02  |a 春暉樓論語說遺 :  |b 2卷 /  |c 張鼎著. 
880 |6 260-03  |a 台北,  |c 民國55 [1966] 
880 |6 500-04  |a (In 嚴靈峯編輯 無求備齋論語集成 v. 254) 
880 |6 500-05  |a Facsimile reproduction of 春暉堂叢書排印本. 
880 0 0 |6 600-06  |a Confucius.  |t 論語. 
988 |a 20021121 
906 |0 MH